Detalles MARC
| 000 -LEADER |
| campo de control de longitud fija |
01764cam a22003374i 4500 |
| 003 - IDENTIFICADOR DE NÚMERO DE CONTROL |
| campo de control |
PE-LiUPU |
| 005 - FECHA Y HORA DE LA ÚLTIMA TRANSACCIÓN |
| campo de control |
20250923115350.0 |
| 008 - DATOS DE LONGITUD FIJA--INFORMACIÓN GENERAL |
| campo de control de longitud fija |
2016xxxxmx pe a rb 000 0 spa d |
| 020 ## - NÚMERO INTERNACIONAL ESTÁNDAR DEL LIBRO |
| Número Internacional Estándar del Libro |
9786071709080 |
| 035 ## - NÚMERO DE CONTROL DEL SISTEMA |
| Número de control de sistema |
PE-LiUPU000018 |
| 040 ## - FUENTE DE CATALOGACIÓN |
| Centro catalogador/agencia de origen |
PE-LiUPU |
| Lengua de catalogación |
spa |
| Centro/agencia transcriptor |
PE-LiUPU |
| Normas de descripción |
rda |
| 082 04 - NÚMERO DE LA CLASIFICACIÓN DECIMAL DEWEY |
| Número de clasificación |
637.14 |
| Cutter |
V732m |
| Número de edición |
23 |
| 100 ## - ENTRADA PRINCIPAL--NOMBRE DE PERSONA |
| Nombre de persona |
Villegas de Gante, Abraham, |
| Término indicativo de función/relación |
autor. |
| 9 (RLIN) |
6917 |
| 245 10 - MENCIÓN DEL TÍTULO |
| Título |
Manual básico para elaborar productos lácteos / |
| Mención de responsabilidad, etc. |
por Abraham Villegas de Gante y Armando Santos Moreno. |
| 250 ## - MENCION DE EDICION |
| Mención de edición |
2ª edición, reimpresión 2016. |
| 264 #1 - PRODUCCIÓN, PUBLICACIÓN, DISTRIBUCIÓN, FABRICACIÓN Y COPYRIGHT |
| Producción, publicación, distribución, fabricación y copyright |
México, D.F. : |
| Nombre del de productor, editor, distribuidor, fabricante |
Editorial Trillas, |
| Fecha de producción, publicación, distribución, fabricación o copyright |
2016. |
| 300 ## - DESCRIPCIÓN FÍSICA |
| Extensión |
182 páginas : |
| Otras características físicas |
ilustraciones ; |
| Dimensiones |
23 cm |
| 336 ## - TIPO DE CONTENIDO |
| Término de tipo de contenido |
text |
| Fuente |
rdacontent |
| 337 ## - TIPO DE MEDIO |
| Nombre/término del tipo de medio |
unmediated |
| Fuente |
rdamedia |
| 338 ## - TIPO DE SOPORTE |
| Nombre/término del tipo de soporte |
volumen |
| Fuente |
rdacarrier |
| 504 ## - NOTA DE BIBLIOGRAFÍA, ETC. |
| Nota de bibliografía, etc. |
Incluye bibliografía : páginas 177-178 e índice analítico. |
| 505 0# - NOTA DE CONTENIDO CON FORMATO |
| Nota de contenido con formato |
Generalidades sobre la leche -- Procesos generales para elaborar productos lácteos -- Pasos generales en la elaboración de quesos con leche pasteurizada -- Procesos particulares en la elaboración de queso -- Elaboración de algunos productos lácteos. |
| 520 ## - RESUMEN, ETC. |
| Sumario, etc. |
Manual práctico para la producción artesanal e industrial de productos lácteos, dirigido a técnicos agroindustriales, estudiantes, docentes y productores. Incluye fundamentos químicos y biológicos, procesos tecnológicos y control de calidad. |
| 650 10 - PUNTO DE ACCESO ADICIONAL DE MATERIA--TÉRMINO DE MATERIA |
| Término de materia o nombre geográfico como elemento de entrada |
Productos lácteos |
| Subdivisión general |
Elaboración. |
| 9 (RLIN) |
6918 |
| 650 10 - PUNTO DE ACCESO ADICIONAL DE MATERIA--TÉRMINO DE MATERIA |
| Término de materia o nombre geográfico como elemento de entrada |
Leche |
| Subdivisión general |
Procesamiento. |
| 9 (RLIN) |
6919 |
| 650 #0 - PUNTO DE ACCESO ADICIONAL DE MATERIA--TÉRMINO DE MATERIA |
| Término de materia o nombre geográfico como elemento de entrada |
Industria lechera |
| Subdivisión general |
Manuales técnicos. |
| 9 (RLIN) |
6920 |
| 700 ## - ENTRADA AGREGADA--NOMBRE PERSONAL |
| Nombre de persona |
Santos Moreno, Armando, |
| Término indicativo de función/relación |
autor. |
| 9 (RLIN) |
6921 |
| 856 40 - LOCALIZACIÓN Y ACCESO ELECTRÓNICOS |
| Identificador Uniforme de Recursos |
<a href="https://www.trillas.mx/libro/9786071709080">https://www.trillas.mx/libro/9786071709080</a> |
| Nota pública |
Ficha del editor. |
| 942 ## - ELEMENTOS DE ENTRADA SECUNDARIOS (KOHA) |
| Fuente del sistema de clasificación o colocación |
Clasificación Decimal Dewey |
| Tipo de ítem Koha |
Libros físicos |
| 980 ## - EQUIVALENCIA O REFERENCIA-CRUZADA-MENCIÓN DE SERIE--NOMBRE DE PERSONA/TÍTULO [LOCAL, CANADÁ] |
| ID del usuario creador del registro |
21515 |
| Nombre del creador del registro |
ROMINA COBOS Adquisiciones |
| ID del último usuario que modificó el registro |
21515 |
| Nombre del último usuario que modificó el registro |
ROMINA COBOS Adquisiciones |